KOHA-Header-6

Stray thoughts some Socio Economic Issues (Record no. 2846)

000 -LEADER
fixed length control field 00311nam a2200121Ia 4500
008 - FIXED-LENGTH DATA ELEMENTS--GENERAL INFORMATION
fixed length control field 190902s9999||||xx |||||||||||||| ||und||
020 ## - INTERNATIONAL STANDARD BOOK NUMBER
International Standard Book Number 0-13-790445-2
100 ## - MAIN ENTRY--PERSONAL NAME
Personal name Abdul Jabbar Khan
245 #0 - TITLE STATEMENT
Title Stray thoughts some Socio Economic Issues
260 ## - PUBLICATION, DISTRIBUTION, ETC. (IMPRINT)
Place of publication, distribution, etc London
Name of publisher, distributor, etc Prentice Hall
Date of publication, distribution, etc 1998
300 ## - PHYSICAL DESCRIPTION
Extent 154
942 ## - ADDED ENTRY ELEMENTS (KOHA)
Koha item type Books
Holdings
Withdrawn status Lost status Source of classification or shelving scheme Damaged status Not for loan Collection code Permanent Location Current Location Shelving location Date acquired Total Checkouts Total Renewals Barcode Date last seen Date checked out Price effective from Koha item type
          Economics MAJU MAJU Shelf No.A48 2019-09-02 1 1 6513 2022-04-12 2022-03-26 2019-09-02 Economics

Powered by Koha